Catálogo

Alta cocina en minutos / (Registro nro. 21426)

Detalles MARC
000 -LEADER
fixed length control field 01397cam a2200337 i 4500
001 - CONTROL NUMBER
control field 21426
003 - CONTROL NUMBER IDENTIFIER
control field Mx-PuUPA
005 - DATE AND TIME OF LATEST TRANSACTION
control field 20240410103731.0
008 - FIXED-LENGTH DATA ELEMENTS--GENERAL INFORMATION
fixed length control field 140415s1986 mx o r 000 0 spa d
020 ## - INTERNATIONAL STANDARD BOOK NUMBER
International Standard Book Number 9684180764
040 ## - CATALOGING SOURCE
Original cataloging agency Mx-PuUPA
Language of cataloging spa
Transcribing agency Mx-PuUPA
Modifying agency Mx-PuUPA
Description conventions rda
041 1# - LANGUAGE CODE
Language code of text/sound track or separate title spa
Language code of original eng
130 0# - MAIN ENTRY--UNIFORM TITLE
Uniform title Great meals in minutes
245 10 - TITLE STATEMENT
Title Alta cocina en minutos /
Statement of responsibility, etc. traductores y redactores, Juan Bosco Aurioles Ladrón de Guevara, Gloria Cruz de Schneider, Patricia Chao Fuente [y otros tres] ; coordinadora editorial, María Aurora Aguilar Chávez
250 ## - EDITION STATEMENT
Edition statement Primera edición
264 #1 - PRODUCTION, PUBLICATION, DISTRIBUTION, MANUFACTURE, AND COPYRIGHT NOTICE
Place of production, publication, distribution, manufacture México, D.F. :
Name of producer, publisher, distributor, manufacturer Ediciones Culturales Internacionales,
Date of production, publication, distribution, manufacture, or copyright notice 1986
300 ## - PHYSICAL DESCRIPTION
Extent 288 páginas :
Other physical details fotografías ;
Dimensions 28 cm.
336 ## - CONTENT TYPE
Fuente rdacontent
Content type term texto
Content type code txt
337 ## - MEDIA TYPE
Source rdamedia
Media type term sin medio
Media type code n
338 ## - CARRIER TYPE
Source rdacarrier
Carrier type term volumen
Carrier type code nc
490 0# - SERIES STATEMENT
Series statement Libros de Time-Life
650 #4 - SUBJECT ADDED ENTRY--TOPICAL TERM
Topical term or geographic name entry element Cocina
700 1# - ADDED ENTRY--PERSONAL NAME
Personal name Aurioles Ladrón de Guevara, Juan Bosco,
Relator term traductor
700 1# - ADDED ENTRY--PERSONAL NAME
Personal name Cruz de Schneider, Gloria,
Relator term traductor
700 1# - ADDED ENTRY--PERSONAL NAME
Personal name Chao Fuente, Patricia,
Relator term traductor
700 1# - ADDED ENTRY--PERSONAL NAME
Personal name Aguilar Chávez, María Aurora,
Relator term coordinador
765 18 - ORIGINAL LANGUAGE ENTRY
Main entry heading Aurioles Ladrón de Guevara, Juan Bosco,
Title Great meals in minutes
Edition Primera edición
Place, publisher, and date of publication Virginia, U.S.A. : Time-Life Books, 1983
International Standard Book Number 0316850659
942 ## - ADDED ENTRY ELEMENTS (KOHA)
Source of classification or shelving scheme Dewey Decimal Classification
Koha item type Libro
Classification part 641.514
Item part A4661
Existencias
Withdrawn status Lost status Source of classification or shelving scheme Damaged status Not for loan Collection code Home library Current library Shelving location Date acquired Source of acquisition Total Checkouts Full call number Barcode Date last seen Price effective from Koha item type
    Dewey Decimal Classification     General Biblioteca Karol Wojtyla Biblioteca Karol Wojtyla Sala general 03/12/2013 Compra   641.514 A4661 1986 41717 05/01/2026 03/12/2013 Libro